Derechos y garantías de los contribuyentes (Registro nro. 6630)
[ vista simple ]
| 000 -LEADER | |
|---|---|
| fixed length control field | 04875 a2200709 4500 |
| 001 - CONTROL NUMBER | |
| control field | 59273 |
| 005 - DATE AND TIME OF LATEST TRANSACTION | |
| control field | 20260407155846.0 |
| 008 - FIXED-LENGTH DATA ELEMENTS--GENERAL INFORMATION | |
| fixed length control field | 260407a2022 arg spa d |
| 003 - CONTROL NUMBER IDENTIFIER | |
| control field | AR-UNSa-BCEJYS |
| 040 ## - CATALOGING SOURCE | |
| Original cataloging agency | AR-UNSa-BCEJYS |
| Language of cataloging | spa |
| Transcribing agency | AR-UNSa-BCEJYS |
| 080 ## - UNIVERSAL DECIMAL CLASSIFICATION NUMBER | |
| Universal Decimal Classification number | 336.2 |
| Common auxiliary subdivision | Ingresos públicos (Derecho tributario) |
| 020 ## - INTERNATIONAL STANDARD BOOK NUMBER | |
| International Standard Book Number | 978-987-03-4440-7 |
| 041 ## - LANGUAGE CODE | |
| Language code of text/sound track or separate title | spa |
| 100 1# - MAIN ENTRY--PERSONAL NAME | |
| Personal name | Bertazza, Humberto J. |
| 245 10 - TITLE STATEMENT | |
| Title | Derechos y garantías de los contribuyentes |
| 264 #1 - PRODUCTION, PUBLICATION, DISTRIBUTION, MANUFACTURE, AND COPYRIGHT NOTICE | |
| Place of production, publication, distribution, manufacture | Buenos Aires : |
| Name of producer, publisher, distributor, manufacturer | La Ley |
| Date of production, publication, distribution, manufacture, or copyright notice | 2022 |
| 300 ## - PHYSICAL DESCRIPTION | |
| Extent | 2 v. (lxi, 1064 ; xxiv, 1108 p.) |
| Dimensions | 24 cm. |
| 505 ## - FORMATTED CONTENTS NOTE | |
| Formatted contents note | Vol. I: Capítulo I: Principios generales: 1. El principio de igualdad en la relación jurídica tributaria con especial referencia al proceso contencioso tributario nacional -2. Derechos y garantías de los contribuyentes – 3. Derechos y garantías del ciudadano-contribuyente – 4. El estatuto del contribuyente – 5. La Defensoría del Contribuyente. Utopía o realidad posible – 6. Derechos y garantías de los contribuyentes en el siglo XXI – Capitulo II: Tributario y seguridad social: 1. El Tribunal Fiscal de la Nación y los principios, derechos y garantías constitucionales – 2. Derechos y garantías de los contribuyentes ante tributos locales – 3. El acuerdo conclusivo voluntario – 4. Facultades de fiscalización de la AFIP – 5. Solve et repete y acceso a la justicia – 6. Derechos de los sujetos pasivos del procedimiento de determinación de oficio – 7. Los derechos de los contribuyentes en la era de la inteligencia artificial y del tax compliance by design – 8. Derechos y garantías de los contribuyentes ante el intercambio de información fiscal – 9. Derechos y garantías constitucionales del contribuyente en el marco de la ejecución fiscal – Vol. II: Capitulo II (continuación): 10. Las presunciones y ficciones desde la perspectiva de los derechos y garantías de los contribuyentes – 11. El principio acusatorio ante el procedimiento tributario sancionador – 12. Búsqueda y afirmación de los derechos y garantías en el campo de la tributación de seguridad social – 13. Derechos y garantías de los contribuyentes en la seguridad social – 14. Derechos y garantías de los contribuyentes en el ámbito de las operaciones internacionales – 15. Sanciones anómalas en el derecho tributario – 16. Derechos y garantías de los contribuyentes ante una intervención fiscal – 17. Facturas ¿apócrifas? Y el principio de legalidad – 18. Los derechos humanos en el proceso tributario nacional – 19. Estándar de garantías del contribuyente en el procedimiento y proceso tributario – 20. La digitalización de los procedimientos tributarios y los derechos de los contribuyentes – 21. Derechos y garantías de los contribuyentes frente a los impuestos locales – Capitulo III: Penal: 1. Derechos y garantías de los contribuyentes ante la Ley Penal Tributaria – 2. Garantías constitucionales aplicables al proceso penal tributario – 3. Asociación ilícita fiscal – 4. La Conciliación en los delitos relativos a los recursos de la seguridad social – 5. La prueba en el proceso tributario vinculado al incremento patrimonial no justificado en el Perú<br/><br/> |
| 590 ## - LOCAL NOTE (RLIN) | |
| Local note | niveau_biblio:m niveau_hierar:0 |
| 700 1# - ADDED ENTRY--PERSONAL NAME | |
| Personal name | Calviño, Sofía Belén |
| 700 1# - ADDED ENTRY--PERSONAL NAME | |
| Personal name | Cantisano, Federico |
| 700 1# - ADDED ENTRY--PERSONAL NAME | |
| Personal name | Celorio Vela, Jesús Agustín |
| 700 1# - ADDED ENTRY--PERSONAL NAME | |
| Personal name | Cornejo Costas, Emilio (h) |
| 700 1# - ADDED ENTRY--PERSONAL NAME | |
| Personal name | Coronello, Silvina E. |
| 700 1# - ADDED ENTRY--PERSONAL NAME | |
| Personal name | Damarco, Jorge Héctor |
| 700 1# - ADDED ENTRY--PERSONAL NAME | |
| Personal name | Della Rocca, Horacio R. |
| 700 1# - ADDED ENTRY--PERSONAL NAME | |
| Personal name | Egüez, Hermosinda |
| 700 1# - ADDED ENTRY--PERSONAL NAME | |
| Personal name | Folco, Carlos Maria |
| 700 1# - ADDED ENTRY--PERSONAL NAME | |
| Personal name | Garbarino, Pablo |
| 700 1# - ADDED ENTRY--PERSONAL NAME | |
| Personal name | Garcia Sinagra, Claudio |
| 700 1# - ADDED ENTRY--PERSONAL NAME | |
| Personal name | García Vizcaíno, Catalina |
| 700 1# - ADDED ENTRY--PERSONAL NAME | |
| Personal name | Goldman, Diego Hernán |
| 700 1# - ADDED ENTRY--PERSONAL NAME | |
| Personal name | Gorosito, Alberto M. |
| 700 1# - ADDED ENTRY--PERSONAL NAME | |
| Personal name | Gusman, Alfredo S. |
| 700 1# - ADDED ENTRY--PERSONAL NAME | |
| Personal name | Iriarte Yanicelli, Adolfo A. |
| 700 1# - ADDED ENTRY--PERSONAL NAME | |
| Personal name | Liquin, Graciela |
| 700 1# - ADDED ENTRY--PERSONAL NAME | |
| Personal name | Litvin, César R. |
| 700 1# - ADDED ENTRY--PERSONAL NAME | |
| Personal name | Manonellas, Graciela N. |
| 700 1# - ADDED ENTRY--PERSONAL NAME | |
| Personal name | Marconi, Ana Clara |
| 700 1# - ADDED ENTRY--PERSONAL NAME | |
| Personal name | Marconi, Norberto J. |
| 700 1# - ADDED ENTRY--PERSONAL NAME | |
| Personal name | Mastandrea, Alberto F. |
| 700 1# - ADDED ENTRY--PERSONAL NAME | |
| Personal name | Mecikovsky, Jaime L. |
| 700 1# - ADDED ENTRY--PERSONAL NAME | |
| Personal name | Nercellas, Marta |
| 700 1# - ADDED ENTRY--PERSONAL NAME | |
| Personal name | Panetta, Luis Andrés |
| 700 1# - ADDED ENTRY--PERSONAL NAME | |
| Personal name | Parera, Marina I. |
| 700 1# - ADDED ENTRY--PERSONAL NAME | |
| Personal name | Pérez, Daniel Guillermo |
| 700 1# - ADDED ENTRY--PERSONAL NAME | |
| Personal name | Ponsetti, Edgardo |
| 700 1# - ADDED ENTRY--PERSONAL NAME | |
| Personal name | Porporatto, Pablo A. |
| 700 1# - ADDED ENTRY--PERSONAL NAME | |
| Personal name | Schurig, Harry |
| 700 1# - ADDED ENTRY--PERSONAL NAME | |
| Personal name | Schwartzman, Daniel |
| 700 1# - ADDED ENTRY--PERSONAL NAME | |
| Personal name | Simesen de Bielke, Sergio Armando |
| 700 1# - ADDED ENTRY--PERSONAL NAME | |
| Personal name | Spisso, Rodolfo Roque |
| 700 1# - ADDED ENTRY--PERSONAL NAME | |
| Personal name | Torassa, Marcos R. |
| 700 1# - ADDED ENTRY--PERSONAL NAME | |
| Personal name | Tozzini, Gabriela I. |
| 700 1# - ADDED ENTRY--PERSONAL NAME | |
| Personal name | Vega, Gerardo E. |
| 700 1# - ADDED ENTRY--PERSONAL NAME | |
| Personal name | Vega, Juan Manuel |
| 700 1# - ADDED ENTRY--PERSONAL NAME | |
| Personal name | Vega, María S. |
| 700 1# - ADDED ENTRY--PERSONAL NAME | |
| Personal name | Viola, José |
| 700 1# - ADDED ENTRY--PERSONAL NAME | |
| Personal name | Yacolca Estares, Daniel |
| 856 41 - ELECTRONIC LOCATION AND ACCESS | |
| Uniform Resource Identifier | <a href="https://www.biblioeco.unsa.edu.ar/pmb/images/libros/L129026.jpg">https://www.biblioeco.unsa.edu.ar/pmb/images/libros/L129026.jpg</a> |
| Link text | Imagen de portada |
| Electronic format type | image/jpeg |
| 942 ## - ADDED ENTRY ELEMENTS (KOHA) | |
| Koha item type | |
| Withdrawn status | Lost status | Damaged status | Not for loan | Home library | Current library | Shelving location | Date acquired | Total checkouts | Full call number | Barcode | Date last seen | Price effective from | Koha item type |
|---|---|---|---|---|---|---|---|---|---|---|---|---|---|
| Biblioteca Prof. Eusebio Cleto del Rey | Biblioteca Prof. Eusebio Cleto del Rey | 07/04/2026 | P336.2 B536 v.1 | L129026 | 07/04/2026 | 07/04/2026 | Libro | ||||||
| Biblioteca Prof. Eusebio Cleto del Rey | Biblioteca Prof. Eusebio Cleto del Rey | 07/04/2026 | P336.2 B536 v.1 | L129027 | 07/04/2026 | 07/04/2026 | Libro | ||||||
| Biblioteca Prof. Eusebio Cleto del Rey | Biblioteca Prof. Eusebio Cleto del Rey | 07/04/2026 | P336.2 B536 v.2 | L129028 | 07/04/2026 | 07/04/2026 | Libro | ||||||
| Biblioteca Prof. Eusebio Cleto del Rey | Biblioteca Prof. Eusebio Cleto del Rey | 07/04/2026 | P336.2 B536 v.2 | L129029 | 07/04/2026 | 07/04/2026 | Libro |